[Event "Cracovia 2010"]
[Site "Krakow"]
[Date "2011.01.02"]
[Round "6.38"]
[White "Wiewiora, Eneasz"]
[Black "Macka, Oto"]
[Result "1-0"]
[WhiteElo "2118"]
[BlackElo "2025"]
[PlyCount "99"]
[EventDate "2011.??.??"]

1. Nf3 Nf6 2. c4 b6 3. g3 Bb7 4. Bg2 c5 5. O-O e6 6. Nc3 Be7 7. b3 O-O 8. Bb2
d6 9. d4 cxd4 10. Nxd4 Bxg2 11. Kxg2 a6 12. Rc1 Qc7 13. e4 Nbd7 14. f4 Qb7 15.
Qf3 Rfe8 16. Rcd1 Rac8 17. e5 Qxf3+ 18. Nxf3 Ng4 19. Rfe1 Red8 20. exd6 Bf8 21.
Ne5 Ngf6 22. Rd4 Ne8 23. Na4 Nef6 24. Ba3 b5 25. Nc3 bxc4 26. bxc4 Nc5 27. Bxc5
Rxc5 28. Na4 Rcc8 29. c5 Nd5 30. Kf3 Bxd6 31. cxd6 Rxd6 32. Red1 f6 33. Ng4 Rc2
34. R1d2 Rdc6 35. Ne3 Nxe3 36. Kxe3 Rxd2 37. Kxd2 Kf7 38. Nb2 Kg6 39. Nc4 Kf5
40. h3 g5 41. fxg5 Kxg5 42. Kd3 f5 43. Rd6 Rxd6+ 44. Nxd6 h5 45. Ke3 h4 46.
gxh4+ Kxh4 47. Kf4 Kxh3 48. Nb7 Kg2 49. a4 Kf2 50. a5 1-0

[Event "Cracovia 2010"]
[Site "Krakow"]
[Date "2011.01.02"]
[Round "6.39"]
[White "Jablonska, Sabina"]
[Black "Pirverdiyev, Aqil Kamran Oglu"]
[Result "1-0"]
[WhiteElo "1903"]
[BlackElo "2116"]
[PlyCount "97"]
[EventDate "2011.??.??"]

1. e4 c5 2. Nf3 d6 3. d4 cxd4 4. Nxd4 Nf6 5. Nc3 Bd7 6. Be2 Nc6 7. Be3 Nxd4 8.
Bxd4 Bc6 9. Bf3 e5 10. Be3 h6 11. Qd3 Be7 12. O-O-O Qd7 13. h3 b5 14. g4 O-O
15. g5 hxg5 16. Bxg5 Rfd8 17. Bxf6 Bxf6 18. Nd5 Bg5+ 19. Kb1 Qb7 20. Rdg1 Bh6
21. Rg4 Kh7 22. Rhg1 g6 23. Rh4 Kg7 24. Bh5 g5 25. Rhg4 f5 26. Rxg5+ Bxg5 27.
Rxg5+ Kh8 28. Bg6 Bxd5 29. exd5 f4 30. Qf3 Rd7 31. Qh5+ Rh7 32. Bxh7 Qxh7 33.
Qd1 f3 34. Qxf3 Rg8 35. Qf6+ Rg7 36. Qf8+ Rg8 37. Rxg8+ Qxg8 38. Qxg8+ Kxg8 39.
Kc1 Kg7 40. Kd2 Kg6 41. Ke3 Kg5 42. Ke4 a5 43. h4+ Kxh4 44. f4 exf4 45. Kxf4 b4
46. Kf5 Kg3 47. Ke6 Kf4 48. Kxd6 Ke3 49. Kc5 1-0

[Event "Cracovia 2010"]
[Site "Krakow"]
[Date "2011.01.02"]
[Round "6.40"]
[White "Polok, Kacper"]
[Black "Wisniowska, Klaudia"]
[Result "1-0"]
[WhiteElo "2089"]
[BlackElo "2011"]
[PlyCount "63"]
[EventDate "2011.??.??"]

1. e4 d6 2. Nc3 Nf6 3. Nge2 g6 4. d4 Bg7 5. f3 c6 6. Be3 b5 7. Qd2 h5 8. h4
Nbd7 9. Rd1 Nb6 10. b3 Qc7 11. g3 Bd7 12. Bg2 d5 13. e5 Ng8 14. Nf4 e6 15. Nd3
Nh6 16. Bh3 Bc8 17. Ne2 Nd7 18. Nef4 Nf5 19. Bxf5 gxf5 20. c3 c5 21. dxc5 Nxe5
22. Kf2 Bd7 23. Rhe1 O-O-O 24. Bd4 f6 25. Nb4 a5 26. c6 Nxc6 27. Na6 Qb7 28.
Nc5 Qb8 29. Nfxe6 Bh6 30. f4 Nxd4 31. Qxd4 Rhe8 32. Nxd7 1-0

[Event "Cracovia 2010"]
[Site "Krakow"]
[Date "2011.01.02"]
[Round "6.41"]
[White "Zadlo, Tomasz"]
[Black "Karagiannis, Dimitrios"]
[Result "1/2-1/2"]
[WhiteElo "2081"]
[BlackElo "1873"]
[PlyCount "65"]
[EventDate "2011.??.??"]

1. e4 e6 2. d4 d5 3. Nc3 dxe4 4. Nxe4 Bd7 5. Nf3 Bc6 6. Bd3 Nd7 7. O-O Ngf6 8.
Re1 Nxe4 9. Bxe4 Bxe4 10. Rxe4 Nf6 11. Bg5 Be7 12. Bxf6 gxf6 13. Qe2 f5 14. Re3
c6 15. c4 O-O 16. Rd1 Bf6 17. Rdd3 Kh8 18. Ne5 Qc7 19. Rh3 Rg8 20. Qd2 Rg7 21.
f4 Rd8 22. Rhe3 Rgg8 23. b4 Rd6 24. Qd1 Bxe5 25. Rxe5 Rgd8 26. d5 cxd5 27. c5
Rc6 28. Qe1 Rg8 29. Qc3 Rg7 30. Rg3 f6 31. Re2 Rxg3 32. hxg3 Kg7 33. Qd4
1/2-1/2

[Event "Cracovia 2010"]
[Site "Krakow"]
[Date "2011.01.02"]
[Round "6.43"]
[White "Marczuk, Dominik"]
[Black "Sandor, Lukas"]
[Result "1-0"]
[WhiteElo "1908"]
[BlackElo "1881"]
[PlyCount "119"]
[EventDate "2011.??.??"]

1. e4 c5 2. Nf3 Nc6 3. Nc3 g6 4. Bc4 Bg7 5. O-O d6 6. d3 Nf6 7. Be3 O-O 8. h3
a6 9. a4 b6 10. d4 cxd4 11. Nxd4 Nxd4 12. Bxd4 Bb7 13. Bd5 Qc7 14. Bxb7 Qxb7
15. e5 dxe5 16. Bxe5 Nh5 17. Bxg7 Nxg7 18. Qd5 Rab8 19. Rfd1 Ne6 20. Qxb7 Rxb7
21. Rd2 Rd8 22. Rxd8+ Nxd8 23. Rd1 Nc6 24. Nd5 h5 25. Rd3 e6 26. Nf6+ Kf8 27.
Rc3 Nb8 28. Rc8+ Ke7 29. Ng8+ Kd6 30. Nh6 Ke7 31. Ng8+ Kd6 32. Rf8 Nc6 33. Nh6
Ne5 34. f4 Ke7 35. Rh8 Nc4 36. b3 Ne3 37. Nxf7 Nxc2 38. Ne5 Kf6 39. Rg8 Nd4 40.
Kf2 Nxb3 41. Rxg6+ Kf5 42. Ke3 h4 43. Rh6 Rg7 44. Nf3 Rg3 45. Kf2 Rg8 46. Rxh4
Nc5 47. a5 Na4 48. Nd4+ Ke4 49. f5+ Ke5 50. Nxe6 b5 51. Nc7 Nc5 52. Rh6 Kxf5
53. Nxa6 Ne4+ 54. Kg1 Ra8 55. Rb6 b4 56. Rb5+ Kf4 57. Nxb4 Rd8 58. Nd5+ Kg3 59.
Rb3+ Kh4 60. Rb4 1-0

[Event "Cracovia 2010"]
[Site "Krakow"]
[Date "2011.01.02"]
[Round "7.2"]
[White "Jakubiec, Artur"]
[Black "Mertanen, Janne"]
[Result "1/2-1/2"]
[WhiteElo "2547"]
[BlackElo "2318"]
[PlyCount "114"]
[EventDate "2011.??.??"]

1. f4 d5 2. Nf3 g6 3. g3 Bg7 4. Bg2 c5 5. O-O Nc6 6. d3 d4 7. c3 Nh6 8. e4 O-O
9. h3 f6 10. Na3 Nf7 11. Nc2 e5 12. cxd4 cxd4 13. f5 Bh6 14. Bxh6 Nxh6 15. Nh4
g5 16. Nf3 Bd7 17. Nd2 Qe7 18. a3 Nf7 19. Bf3 Nd6 20. Kg2 a5 21. Rh1 Nd8 22.
Ne1 Rc8 23. h4 gxh4 24. Rxh4 Rf7 25. Nf1 Rg7 26. Qd2 b6 27. Bd1 Kf8 28. Bb3 Be8
29. Nh2 Bf7 30. Bd1 Bg8 31. Ng4 Ne8 32. Nf3 Nf7 33. Ba4 Ng5 34. Bxe8 Nxf3 35.
Kxf3 Kxe8 36. Rh6 Rf7 37. Rc1 Rxc1 38. Qxc1 Kd7 39. Qc4 Rf8 40. Qa6 Qd6 41.
Qb7+ Kd8 42. Qg7 Qe7 43. Qxe7+ Kxe7 44. Ke2 b5 45. Kf3 b4 46. axb4 axb4 47. Ke2
b3 48. Kf3 Rf7 49. Rh1 Kf8 50. Rc1 Kg7 51. Nf2 Ra7 52. Rc6 Bf7 53. g4 h6 54.
Rc1 Ra2 55. Rb1 Ra8 56. Rc1 Ra2 57. Nd1 Ra8 1/2-1/2

[Event "Cracovia 2010"]
[Site "Krakow"]
[Date "2011.01.02"]
[Round "7.3"]
[White "Sharapov, Evgeny"]
[Black "Tazbir, Marcin"]
[Result "1/2-1/2"]
[WhiteElo "2468"]
[BlackElo "2527"]
[PlyCount "98"]
[EventDate "2011.??.??"]

1. e4 c5 2. Nf3 d6 3. d4 cxd4 4. Nxd4 Nf6 5. Nc3 a6 6. g3 e5 7. Nb3 Be7 8. Bg2
Bg4 9. Bf3 Be6 10. a4 O-O 11. O-O Nbd7 12. Re1 Qc7 13. Nd2 Rfc8 14. Nf1 Nb6 15.
Ne3 a5 16. Qd3 g6 17. Bd2 Nc4 18. Nxc4 Qxc4 19. Qxc4 Rxc4 20. Be2 Rc7 21. Bg5
Kg7 22. Rad1 h6 23. Be3 Rxc3 24. bxc3 Nxe4 25. Bd2 d5 26. Bd3 Nxd2 27. Rxd2 e4
28. Bb5 Rc8 29. c4 Bb4 30. cxd5 Bxd2 31. dxe6 Bxe1 32. e7 f5 33. e8=Q Rxe8 34.
Bxe8 Kf6 35. Kf1 Bb4 36. Ke2 g5 37. c4 Ke5 38. Bd7 Bd6 39. h3 f4 40. gxf4+ gxf4
41. f3 e3 42. Kd3 Be7 43. Bc8 b6 44. Bd7 Kd6 45. Bb5 Kc5 46. Ba6 Kb4 47. Bb5
Bc5 48. Ke2 Kc3 49. Ba6 Be7 1/2-1/2

[Event "Cracovia 2010"]
[Site "Krakow"]
[Date "2011.01.02"]
[Round "7.4"]
[White "Starostits, Ilmars"]
[Black "Brodowski, Piotr"]
[Result "0-1"]
[WhiteElo "2488"]
[BlackElo "2417"]
[PlyCount "100"]
[EventDate "2011.??.??"]

1. e4 c5 2. Nc3 Nc6 3. g3 g6 4. Bg2 Bg7 5. d3 d6 6. f4 e6 7. Nf3 Nge7 8. O-O
O-O 9. Be3 Nd4 10. e5 Nef5 11. Bf2 Rb8 12. Ne4 Nxf3+ 13. Qxf3 b6 14. g4 Bb7 15.
Qd1 dxe5 16. gxf5 exf5 17. Nc3 Bxg2 18. Kxg2 exf4 19. Qf3 Qd6 20. Bh4 h6 21.
Qd5 Qxd5+ 22. Nxd5 g5 23. Be1 Bxb2 24. Rb1 Be5 25. Ne7+ Kh7 26. Nc6 Rbe8 27.
Nxe5 Rxe5 28. Bc3 Re2+ 29. Rf2 Rfe8 30. Kf1 f3 31. Re1 Rxe1+ 32. Bxe1 g4 33.
Rd2 Kg6 34. a4 f4 35. c4 f5 36. Bf2 Kg5 37. d4 cxd4 38. Rxd4 Re2 39. Rd7 Rc2
40. Ke1 Re2+ 41. Kf1 Rc2 42. Ke1 Rc1+ 43. Kd2 Rh1 44. Bd4 Rxh2+ 45. Kd3 f2 46.
Rg7+ Kh5 47. Bxf2 Rxf2 48. Rxa7 g3 49. a5 g2 50. Rg7 Rf3+ 0-1

[Event "Cracovia 2010"]
[Site "Krakow"]
[Date "2011.01.02"]
[Round "7.5"]
[White "Bulski, Krzysztof"]
[Black "Dragun, Kamil"]
[Result "1/2-1/2"]
[WhiteElo "2470"]
[BlackElo "2407"]
[PlyCount "33"]
[EventDate "2011.??.??"]

1. e4 c5 2. Nf3 d6 3. d4 cxd4 4. Nxd4 Nf6 5. Nc3 Nc6 6. Bg5 e6 7. Qd2 a6 8.
O-O-O Bd7 9. f3 h6 10. Be3 b5 11. Nxc6 Bxc6 12. Kb1 Be7 13. Bd3 Qc7 14. g4 d5
15. exd5 Nxd5 16. Be4 Nxe3 17. Qxe3 1/2-1/2

[Event "Cracovia 2010"]
[Site "Krakow"]
[Date "2011.01.02"]
[Round "7.6"]
[White "Miron, Lucian-Costin"]
[Black "Aliavdin, Nikolai"]
[Result "0-1"]
[WhiteElo "2496"]
[BlackElo "2377"]
[PlyCount "82"]
[EventDate "2011.??.??"]

1. d4 Nf6 2. c4 g6 3. Nc3 Bg7 4. g3 O-O 5. Bg2 d6 6. Nf3 Nbd7 7. O-O e5 8. h3
c6 9. e4 Re8 10. Re1 exd4 11. Nxd4 Nc5 12. Bf4 Nh5 13. Be3 Nf6 14. Qc2 Nfd7 15.
Rad1 a5 16. b3 Qc7 17. a3 Nf8 18. b4 axb4 19. axb4 Nce6 20. Nde2 Nd7 21. Qb3 h6
22. Rd2 Ng5 23. f4 Nh7 24. Red1 Bf8 25. Kh2 h5 26. Nd4 Ndf6 27. Qb1 h4 28. gxh4
Nh5 29. Nf3 N7f6 30. Ng5 d5 31. cxd5 Bd6 32. e5 Bxe5 33. d6 Bxd6 34. Rxd6 Rxe3
35. Qc1 Qe7 36. Rd8+ Kg7 37. R1d4 Bxh3 38. Bxh3 Rxd8 39. Rxd8 Rxh3+ 40. Kxh3
Qxd8 41. b5 Qd3+ 0-1

[Event "Cracovia 2010"]
[Site "Krakow"]
[Date "2011.01.02"]
[Round "7.7"]
[White "Shishkin, Vadim"]
[Black "Strzemiecki, Zbigniew"]
[Result "1-0"]
[WhiteElo "2458"]
[BlackElo "2367"]
[PlyCount "65"]
[EventDate "2011.??.??"]

1. d4 Nf6 2. c4 g6 3. Nc3 d5 4. cxd5 Nxd5 5. Bd2 Bg7 6. e4 Nb6 7. Be3 O-O 8.
Bb5 Nc6 9. Nge2 e5 10. d5 Ne7 11. Bc5 f5 12. Qb3 Rf7 13. Rd1 fxe4 14. Nxe4 Nf5
15. d6 Nxd6 16. Bxd6 cxd6 17. Nxd6 Qf6 18. Qxf7+ Qxf7 19. Nxf7 Kxf7 20. Nc3 Be6
21. O-O Ke7 22. Be2 Rc8 23. Bf3 Rc7 24. g3 Nc4 25. Nd5+ Bxd5 26. Rxd5 Nd6 27.
Re1 Rc2 28. Red1 Rc6 29. b4 Rb6 30. a4 e4 31. Be2 Nf5 32. Rd7+ Kf6 33. g4 1-0

[Event "Cracovia 2010"]
[Site "Krakow"]
[Date "2011.01.02"]
[Round "7.8"]
[White "Gagarin, Vasilij"]
[Black "Lach, Aleksandra"]
[Result "1-0"]
[WhiteElo "2435"]
[BlackElo "2206"]
[PlyCount "89"]
[EventDate "2011.??.??"]

1. d4 Nf6 2. c4 g6 3. Nf3 Bg7 4. g3 O-O 5. Bg2 d6 6. O-O c6 7. Nc3 Nbd7 8. e4
e5 9. Re1 exd4 10. Nxd4 Ng4 11. Nce2 Nb6 12. h3 Ne5 13. b3 c5 14. Nc2 Re8 15.
Be3 Rb8 16. Nf4 Qf6 17. Qe2 Bd7 18. Rad1 Bc6 19. Bc1 Nc8 20. Ne3 b5 21. Nfd5
Qd8 22. f4 Nd7 23. Bb2 Bxb2 24. Qxb2 Bxd5 25. cxd5 Ncb6 26. Ng4 f6 27. h4 h5
28. Nf2 c4 29. Bh3 b4 30. Be6+ Kg7 31. bxc4 Nxc4 32. Qd4 Na3 33. Rc1 Nc5 34. e5
b3 35. axb3 Rxb3 36. exd6 Nxe6 37. dxe6 Nb5 38. Qc4 Rxg3+ 39. Kh2 Rf3 40. Qxb5
Rxf2+ 41. Kg3 Rd2 42. Rc7+ Kh8 43. Qb7 Rd3+ 44. Kf2 Rd2+ 45. Kg1 1-0

[Event "Cracovia 2010"]
[Site "Krakow"]
[Date "2011.01.02"]
[Round "7.9"]
[White "Bobula, Mateusz"]
[Black "Grinev, Valeriy"]
[Result "1/2-1/2"]
[WhiteElo "2393"]
[BlackElo "2361"]
[PlyCount "50"]
[EventDate "2011.??.??"]

1. d4 Nf6 2. c4 e6 3. Nf3 c5 4. d5 exd5 5. cxd5 d6 6. Nc3 g6 7. h3 Bg7 8. e4
O-O 9. Bd3 b5 10. Nxb5 Re8 11. O-O Nxe4 12. Re1 a6 13. Na3 Nf6 14. Rxe8+ Nxe8
15. Bg5 Qc7 16. Qe2 Nf6 17. Nc4 Bb7 18. Bxf6 Bxf6 19. Ne3 Nd7 20. Rc1 Nb6 21.
b4 Nxd5 22. Nxd5 Bxd5 23. Bxa6 Qb6 24. b5 c4 25. Nd2 c3 1/2-1/2

[Event "Cracovia 2010"]
[Site "Krakow"]
[Date "2011.01.02"]
[Round "7.10"]
[White "Skawinski, Arkadiusz"]
[Black "Nguyen, Piotr"]
[Result "1-0"]
[WhiteElo "2249"]
[BlackElo "2394"]
[PlyCount "113"]
[EventDate "2011.??.??"]

1. e4 e6 2. d4 d5 3. e5 c5 4. c3 Qb6 5. Nf3 Nc6 6. a3 Nh6 7. b4 cxd4 8. Bxh6
gxh6 9. cxd4 Bg7 10. Nc3 f6 11. exf6 Bxf6 12. Na4 Qc7 13. Bb5 O-O 14. O-O Ne7
15. Re1 Ng6 16. Nc5 a5 17. bxa5 Qg7 18. Ra2 Rxa5 19. Bf1 Nf4 20. Kh1 Be7 21.
Qd2 b6 22. Nd3 Ng6 23. Qb2 Bd8 24. Nde5 Bc7 25. Re3 Ne7 26. Bd3 Ba6 27. Bxa6
Rxa6 28. Qb5 Ra7 29. Nc6 Raa8 30. Nxe7+ Qxe7 31. Qxd5 exd5 32. Rxe7 Rfc8 33.
Rd7 b5 34. Rc2 Ba5 35. Rxc8+ Rxc8 36. h4 Rc2 37. Rxd5 Rxf2 38. Rxb5 Rf1+ 39.
Kh2 Bc7+ 40. Kh3 Ra1 41. Rb7 Bd6 42. Rb6 Bf8 43. Ra6 h5 44. Ra5 Bxa3 45. Rxh5
Rd1 46. Kg4 Kg7 47. Ra5 Be7 48. Kf5 Bxh4 49. Nxh4 Rxd4 50. Kg5 Rd8 51. Ra7+ Kh8
52. g4 Rc8 53. Nf5 Rb8 54. Rd7 Rf8 55. Ng3 Rg8+ 56. Kh4 Rg7 57. Rxg7 1-0

[Event "Cracovia 2010"]
[Site "Krakow"]
[Date "2011.01.02"]
[Round "7.12"]
[White "Toma, Katarzyna"]
[Black "Jasny, Stanislav"]
[Result "1-0"]
[WhiteElo "2234"]
[BlackElo "2351"]
[PlyCount "107"]
[EventDate "2011.??.??"]

1. e4 c5 2. Nf3 Nc6 3. d4 cxd4 4. Nxd4 e5 5. Nb5 d6 6. N1c3 a6 7. Na3 Be7 8.
Nc4 b5 9. Ne3 Nf6 10. Bd3 O-O 11. O-O Nb4 12. Be2 Be6 13. a3 Nc6 14. Ned5 Nd4
15. Bd3 Nxd5 16. Nxd5 Bg5 17. c3 Bxc1 18. Rxc1 Nc6 19. Bc2 Na5 20. a4 Nc4 21.
b3 Nb6 22. axb5 axb5 23. Qd3 Rb8 24. Ne3 Qd7 25. f4 exf4 26. Rxf4 g6 27. Nf5
Bxf5 28. exf5 Qc6 29. Rd4 d5 30. Rf1 Rbe8 31. Qd2 Qd6 32. Rd3 Qc5+ 33. Kh1 Qe7
34. Rdf3 Qe5 35. Bd3 b4 36. cxb4 Qd4 37. Qh6 Qg7 38. Qf4 g5 39. Qd6 Nc8 40.
Qxd5 Qf6 41. b5 Rd8 42. Qc5 Nb6 43. Be4 Rc8 44. Qf2 Nd7 45. Rg3 Kh8 46. Qd2 Nc5
47. Bc6 h6 48. Qb4 Qe5 49. Re1 Qd6 50. Qc3+ Kg8 51. h4 f6 52. Rge3 Nd7 53. Qc4+
Kh8 54. Rd3 1-0

[Event "Cracovia 2010"]
[Site "Krakow"]
[Date "2011.01.02"]
[Round "7.13"]
[White "Obrusnik, Michal"]
[Black "Krzyzanowski, Marcin"]
[Result "0-1"]
[WhiteElo "2204"]
[BlackElo "2342"]
[PlyCount "56"]
[EventDate "2011.??.??"]

1. g3 d5 2. Bg2 c6 3. Nf3 Nf6 4. d3 Bg4 5. b3 Bxf3 6. Bxf3 e5 7. O-O Nbd7 8.
Bg2 Bd6 9. e4 dxe4 10. dxe4 Qe7 11. Nd2 b5 12. Bb2 O-O 13. f4 Ba3 14. Bxa3 Qxa3
15. Kh1 Rad8 16. Qe2 Qb2 17. Nf3 Rfe8 18. fxe5 Nxe5 19. Nxe5 Qxe5 20. a4 b4 21.
Rad1 Rxd1 22. Rxd1 h5 23. Qc4 h4 24. Qxc6 Ng4 25. Kg1 hxg3 26. h3 Ne3 27. Re1
Rd8 28. Bf3 Qd4 0-1

[Event "Cracovia 2010"]
[Site "Krakow"]
[Date "2011.01.02"]
[Round "7.14"]
[White "Kalvaitis, Sigitas"]
[Black "Duda, Jan-Krzysztof"]
[Result "0-1"]
[WhiteElo "2327"]
[BlackElo "2247"]
[PlyCount "92"]
[EventDate "2011.??.??"]

1. e4 e6 2. d4 d5 3. Nc3 Bb4 4. e5 c5 5. a3 Bxc3+ 6. bxc3 Qc7 7. Qg4 f5 8. Qg3
Ne7 9. Qxg7 Rg8 10. Qxh7 cxd4 11. Ne2 Nbc6 12. f4 Bd7 13. Qh5+ Ng6 14. h4 dxc3
15. Be3 O-O-O 16. Rd1 Nge7 17. Qf3 d4 18. Bxd4 Nd5 19. h5 Rg4 20. g3 Na5 21.
Bh3 Nc4 22. Bxg4 fxg4 23. Qe4 Nd2 24. Qd3 Bc6 25. Kf2 Ne7 26. Nxc3 Bxh1 27. Nb5
Ne4+ 28. Kg1 Qa5 29. Qc4+ Kb8 30. Nxa7 Bf3 31. Rb1 Nd2 32. Qb4 Qxb4 33. Rxb4
Bc6 34. Bc5 Nf3+ 35. Kf1 Rd1+ 36. Kf2 Rd2+ 37. Kf1 Nh2+ 38. Ke1 Nf3+ 39. Kf1
Nf5 40. Nxc6+ Kc7 41. Bf2 bxc6 42. c4 Ra2 43. Ra4 Nd2+ 44. Kg1 Ne4 45. Ba7
Nexg3 46. c5 Ne2+ 0-1

[Event "Cracovia 2010"]
[Site "Krakow"]
[Date "2011.01.02"]
[Round "7.15"]
[White "Hartikainen, Markku"]
[Black "Martynov, Pavel"]
[Result "1-0"]
[WhiteElo "2314"]
[BlackElo "2183"]
[PlyCount "65"]
[EventDate "2011.??.??"]

1. e4 c5 2. c3 d6 3. d4 Qc7 4. Nf3 g6 5. Bd3 Bg7 6. O-O Nf6 7. Re1 O-O 8. h3 e5
9. Na3 a6 10. dxe5 dxe5 11. Nc4 Nbd7 12. a4 b6 13. Qe2 Bb7 14. Bg5 Rfe8 15.
Nfd2 Nh5 16. g3 h6 17. Be3 Ndf6 18. b4 Rad8 19. bxc5 bxc5 20. Rab1 Bc8 21. Nb6
Bxh3 22. Bxa6 Nf4 23. Qb5 Be6 24. gxf4 exf4 25. Qxc5 Qxc5 26. Bxc5 Rxd2 27. Bb5
Red8 28. a5 f3 29. a6 Ra2 30. Na4 Bh3 31. e5 Nd5 32. Rbd1 Rb8 33. a7 1-0

[Event "Cracovia 2010"]
[Site "Krakow"]
[Date "2011.01.02"]
[Round "7.16"]
[White "Klim, Kamil"]
[Black "Jacko-jun., Vladimir"]
[Result "1-0"]
[WhiteElo "2302"]
[BlackElo "2163"]
[PlyCount "107"]
[EventDate "2011.??.??"]

1. d4 Nf6 2. c4 g6 3. Nc3 Bg7 4. e4 d6 5. Nf3 O-O 6. Be2 e5 7. O-O Nc6 8. d5
Ne7 9. Ne1 Nd7 10. Be3 f5 11. f3 f4 12. Bf2 g5 13. a4 h5 14. a5 a6 15. Nd3 Nf6
16. c5 Ng6 17. cxd6 cxd6 18. Na4 g4 19. Nb6 Rb8 20. Ra3 g3 21. hxg3 fxg3 22.
Bxg3 h4 23. Bh2 Nh5 24. f4 Nhxf4 25. Bg4 Qg5 26. Nxc8 Rbxc8 27. Nxf4 exf4 28.
Bxc8 Rxc8 29. Raf3 Be5 30. Kh1 Kg7 31. Qd2 Rf8 32. Rc1 Rf7 33. Rc2 Qg4 34. Qe2
Qg5 35. Bg1 Bf6 36. Rh3 Re7 37. Qc4 Ne5 38. Qc8 Ng4 39. Rc7 Ne3 40. Rxe7+ Bxe7
41. Bxe3 fxe3 42. Qc3+ Bf6 43. Qxe3 Qe5 44. Qe2 Qg5 45. Rf3 Be5 46. Qe3 Qg4 47.
Rf1 Bxb2 48. Rb1 Bf6 49. Rxb7+ Kg6 50. Rb1 Be5 51. Qf3 Qg5 52. Rf1 Kh6 53. Qf8+
Kh7 54. Qf5+ 1-0

[Event "Cracovia 2010"]
[Site "Krakow"]
[Date "2011.01.02"]
[Round "7.17"]
[White "Wcislo, Damian"]
[Black "Rawicz, Karol"]
[Result "1-0"]
[WhiteElo "2219"]
[BlackElo "2300"]
[PlyCount "51"]
[EventDate "2011.??.??"]

1. d4 g6 2. c4 Bg7 3. Nc3 d6 4. g3 Nf6 5. Bg2 O-O 6. Nf3 c5 7. d5 e6 8. O-O
exd5 9. cxd5 a6 10. a4 Nbd7 11. Bf4 Qe7 12. h3 Rb8 13. Re1 Ne8 14. Rc1 Nef6 15.
Ra1 Ne8 16. Rc1 h6 17. e4 b5 18. axb5 axb5 19. b4 g5 20. Be3 Qf6 21. bxc5 dxc5
22. e5 Nxe5 23. Nxe5 Qxe5 24. Bxc5 Qf6 25. Bxf8 Kxf8 26. Nxb5 1-0

[Event "Cracovia 2010"]
[Site "Krakow"]
[Date "2011.01.02"]
[Round "7.18"]
[White "Gbyl, Andrzej"]
[Black "Bukhteeva, Viktoria"]
[Result "1-0"]
[WhiteElo "2286"]
[BlackElo "2136"]
[PlyCount "127"]
[EventDate "2011.??.??"]

1. d4 d5 2. c4 e6 3. Nc3 Nf6 4. Bg5 Be7 5. Nf3 Nbd7 6. e3 O-O 7. Rc1 a6 8. cxd5
exd5 9. Bd3 Re8 10. O-O c6 11. a3 Nf8 12. Qc2 g6 13. h3 Ne6 14. Bh4 Ng7 15. Bg3
Bf5 16. Na4 Bxd3 17. Qxd3 Nf5 18. Bh2 Bd6 19. Ne5 Ne4 20. b4 Nh4 21. Rc2 f6 22.
Ng4 h5 23. Bxd6 hxg4 24. Bg3 Nf5 25. hxg4 Nfxg3 26. fxg3 Kg7 27. Nc5 Qc7 28.
Rf4 g5 29. Rf3 Nxg3 30. Nxb7 Rh8 31. Nc5 Rae8 32. Kf2 Ne4+ 33. Ke2 Rh1 34. Qxa6
Qh2 35. Qb7+ Kg8 36. Nxe4 Qxg2+ 37. Nf2 Qf1+ 38. Kd2 Qe1+ 39. Kd3 Qf1+ 40. Kc3
Qe1+ 41. Kb3 Rxe3+ 42. Rxe3 Qxe3+ 43. Ka2 Rf1 44. Qc8+ Kg7 45. Qd7+ Kf8 46.
Qxc6 Rxf2 47. Qc5+ Kg7 48. Rxf2 Qxf2+ 49. Kb3 Qf3+ 50. Ka4 Qxg4 51. b5 Qd1+ 52.
Ka5 g4 53. b6 Qe1+ 54. Ka6 g3 55. b7 g2 56. b8=Q g1=Q 57. Qbf8+ Kg6 58. Qg8+
Kf5 59. Qgxd5+ Kf4 60. Qf5+ Kg3 61. Qc7+ Kg2 62. Qg4+ Kf1 63. Qc4+ Kf2 64. Qc2+
1-0

[Event "Cracovia 2010"]
[Site "Krakow"]
[Date "2011.01.02"]
[Round "7.19"]
[White "Bukojemski, Adam"]
[Black "Gavrilov, Alexei"]
[Result "0-1"]
[WhiteElo "2240"]
[BlackElo "2488"]
[PlyCount "58"]
[EventDate "2011.??.??"]

1. e4 e5 2. Nf3 Nc6 3. Bc4 Bc5 4. c3 Nf6 5. d4 exd4 6. e5 d5 7. Bb5 Ne4 8. cxd4
Bb6 9. Nc3 O-O 10. Be3 Bg4 11. Qc2 Bf5 12. Qb3 Na5 13. Qxd5 Qe7 14. Nxe4 Be6
15. Nf6+ gxf6 16. Qe4 Qb4+ 17. Nd2 Qxb5 18. Qf4 Qd3 19. Ne4 Nc4 20. b4 Na3 21.
Rc1 Rfd8 22. Nxf6+ Kh8 23. Ne4 Rg8 24. h4 Rg4 25. Qf6+ Kg8 26. Ng5 Bxd4 27. Rh3
Bc3+ 28. Rxc3 Qxc3+ 29. Ke2 Qc2+ 0-1

[Event "Cracovia 2010"]
[Site "Krakow"]
[Date "2011.01.02"]
[Round "7.20"]
[White "Swiech, Przemyslaw"]
[Black "Soffer, Ram"]
[Result "1/2-1/2"]
[WhiteElo "2207"]
[BlackElo "2486"]
[PlyCount "79"]
[EventDate "2011.??.??"]

1. d4 e6 2. c4 Nf6 3. Nc3 Bb4 4. e3 b6 5. Bd3 Bb7 6. Nf3 Ne4 7. O-O f5 8. Ne2
Bd6 9. a3 c5 10. dxc5 bxc5 11. Bxe4 fxe4 12. Qxd6 exf3 13. Nf4 fxg2 14. Rd1 Qe7
15. b4 Bf3 16. Rd2 Qxd6 17. Rxd6 Nc6 18. Bb2 cxb4 19. axb4 Nxb4 20. Bxg7 Rg8
21. Bc3 Nc6 22. e4 Ne7 23. Re1 Rf8 24. Nd3 Ng6 25. c5 Rc8 26. Bd2 Rc6 27. Rxc6
dxc6 28. Re3 Rf7 29. Bc3 Nf4 30. Rxf3 Ne2+ 31. Kxg2 Rxf3 32. Kxf3 Nxc3 33. Ke3
Kd7 34. Kd4 Nb5+ 35. Ke5 a5 36. Nb2 Nc3 37. Kd4 Nb5+ 38. Ke5 Nc3 39. Kd4 Nb5+
40. Ke5 1/2-1/2

[Event "Cracovia 2010"]
[Site "Krakow"]
[Date "2011.01.02"]
[Round "7.21"]
[White "Kulon, Klaudia"]
[Black "Mazur, Stefan"]
[Result "1/2-1/2"]
[WhiteElo "2208"]
[BlackElo "2389"]
[PlyCount "122"]
[EventDate "2011.??.??"]

1. e4 e5 2. Nf3 Nc6 3. Bb5 a6 4. Ba4 Nf6 5. O-O Nxe4 6. d4 b5 7. Bb3 d5 8. dxe5
Be6 9. c3 Bc5 10. Nbd2 O-O 11. Bc2 Nxf2 12. Rxf2 f6 13. exf6 Bxf2+ 14. Kxf2
Qxf6 15. Kg1 Rae8 16. Nf1 Ne5 17. Be3 Nxf3+ 18. Qxf3 Qxf3 19. gxf3 Rxf3 20. Bf2
Bh3 21. Ng3 g6 22. Rd1 c6 23. Bd3 a5 24. a3 Re6 25. Rd2 h5 26. Bf1 Bxf1 27.
Kxf1 Ref6 28. Kg1 R6f4 29. Nf1 Rg4+ 30. Kh1 h4 31. Ne3 Re4 32. Nf1 b4 33. cxb4
axb4 34. axb4 Rxb4 35. Kg2 Rbf4 36. h3 g5 37. Ne3 d4 38. Ng4 c5 39. Rc2 Rb3 40.
Rxc5 Rxb2 41. Rxg5+ Kf7 42. Rh5 Ke6 43. Rh6+ Kd5 44. Rh8 Kc4 45. Rc8+ Kd3 46.
Re8 Kc3 47. Rc8+ Kd3 48. Re8 Re2 49. Rd8 Kc3 50. Rc8+ Kd2 51. Kg1 Ree4 52. Kg2
d3 53. Bxh4 Ke2 54. Bg3 d2 55. Rc2 Rf7 56. Ra2 Kd3 57. Ne5+ Rxe5 58. Rxd2+ Kxd2
59. Bxe5 Ke3 60. h4 Re7 61. Bf6 Re8 1/2-1/2

[Event "Cracovia 2010"]
[Site "Krakow"]
[Date "2011.01.02"]
[Round "7.22"]
[White "Veltkamp, Gerben"]
[Black "Cruz Alvarez De Ron, Dan"]
[Result "1/2-1/2"]
[WhiteElo "2171"]
[BlackElo "2273"]
[PlyCount "20"]
[EventDate "2011.??.??"]

1. c4 c5 2. Nc3 Nc6 3. g3 g6 4. Bg2 Bg7 5. Rb1 Rb8 6. a3 a6 7. b4 cxb4 8. axb4
b5 9. cxb5 axb5 10. Nf3 Nh6 1/2-1/2

[Event "Cracovia 2010"]
[Site "Krakow"]
[Date "2011.01.02"]
[Round "7.23"]
[White "Janus, Przemyslaw"]
[Black "Voiteanu, Gabriel"]
[Result "1/2-1/2"]
[WhiteElo "2126"]
[BlackElo "2262"]
[PlyCount "110"]
[EventDate "2011.??.??"]

1. d4 Nf6 2. c4 g6 3. Nc3 d5 4. cxd5 Nxd5 5. e4 Nxc3 6. bxc3 Bg7 7. h3 O-O 8.
Nf3 c5 9. Be3 Nc6 10. Qd2 Qa5 11. Bc4 cxd4 12. Nxd4 Rd8 13. Rd1 Be6 14. Bxe6
fxe6 15. O-O Bxd4 16. cxd4 Qxd2 17. Rxd2 Rd7 18. Rfd1 Na5 19. Rc2 b5 20. Rc5 a6
21. f3 Nc4 22. Bf2 e5 23. Rc6 Na5 24. Rc5 exd4 25. Rxd4 Rxd4 26. Bxd4 Rd8 27.
Bc3 Nc4 28. a4 Rd1+ 29. Kh2 Rb1 30. Rc6 Rc1 31. axb5 axb5 32. Bb4 e6 33. Rc5
Rc2 34. Rxb5 Ne3 35. Kg3 Rxg2+ 36. Kf4 Nc4 37. Bc3 h6 38. h4 Kf7 39. Rb7+ Ke8
40. e5 Rc2 41. Bb4 Rh2 42. Kg3 Rb2 43. Re7+ Kd8 44. Bd6 Nxd6 45. exd6 Rb1 46.
Kf4 Rb4+ 47. Ke5 Rxh4 48. Kxe6 Rh1 49. Rh7 Re1+ 50. Kf6 Re3 51. f4 Re4 52. Kxg6
Rxf4 53. Rxh6 Kd7 54. Kg5 Rf1 55. Rf6 Rxf6 1/2-1/2

[Event "Cracovia 2010"]
[Site "Krakow"]
[Date "2011.01.02"]
[Round "7.24"]
[White "Przezdziecka, Marta"]
[Black "Jakubiec, Edyta"]
[Result "1-0"]
[WhiteElo "2249"]
[BlackElo "2189"]
[PlyCount "91"]
[EventDate "2011.??.??"]

1. d4 f5 2. c4 Nf6 3. Nc3 g6 4. h4 d6 5. h5 Nxh5 6. Rxh5 gxh5 7. e4 Be6 8. Be2
Bf7 9. Nh3 e6 10. Bxh5 Bxh5 11. Qxh5+ Kd7 12. exf5 Qf6 13. fxe6+ Qxe6+ 14. Be3
Qg6 15. Qb5+ Kc8 16. Nf4 Qf7 17. O-O-O Bh6 18. Nce2 a6 19. Qa4 Bxf4 20. Nxf4 b5
21. cxb5 Qd7 22. d5 Qxb5 23. Qc2 c5 24. Ne6 a5 25. Bf4 Qd7 26. Rh1 Na6 27. a3
Nc7 28. Nxc7 Qxc7 29. Rh6 Ra6 30. g3 Rb6 31. Qc3 Re8 32. Qxa5 Re7 33. Qa8+ Kd7
34. Be3 Rb5 35. Qf8 Qb8 36. Qf5+ Kc7 37. Rxd6 Qg8 38. Rc6+ Kb7 39. Qd3 Ra5 40.
Rxc5 Rxc5+ 41. Bxc5 Rc7 42. b4 Qg5+ 43. Kb1 Qe5 44. Ka2 Rd7 45. Qb5+ Kc8 46.
Qc6+ 1-0